<?xml version="1.0" encoding="UTF-8"?>
<marc:record xmlns:marc="http://www.loc.gov/MARC21/slim">
   <marc:leader>00000nam a2200000 a 4500</marc:leader>
   <marc:datafield ind1="1" ind2=" " tag="100">
      <marc:subfield code="a">Armstrong, Sarah</marc:subfield>
      <marc:subfield code="4">aut</marc:subfield>
      <marc:subfield code="e">Verfasser/-in</marc:subfield>
   </marc:datafield>
   <marc:datafield ind1="0" ind2="0" tag="245">
      <marc:subfield code="a">Davonfliegen</marc:subfield>
   </marc:datafield>
   <marc:datafield ind1="0" ind2="0" tag="245">
      <marc:subfield code="b">Roman</marc:subfield>
   </marc:datafield>
   <marc:datafield ind1="0" ind2="0" tag="245">
      <marc:subfield code="c">Sarah Armstrong ; aus dem Englischen von Ute Brammertz</marc:subfield>
   </marc:datafield>
   <marc:datafield ind1=" " ind2="1" tag="264">
      <marc:subfield code="a">München</marc:subfield>
      <marc:subfield code="b">Diana</marc:subfield>
      <marc:subfield code="c">2017</marc:subfield>
   </marc:datafield>
   <marc:datafield ind1="1" ind2=" " tag="520">
      <marc:subfield code="a">Angaben aus der Verlagsmeldung

Davonfliegen : Roman Promise / von Sarah Armstrong

Als seine neue Familie in Annas Nachbarhaus zieht, dauert es nur zwei Tage, bis sie merkt, das nebenan etwas gewaltig schief läuft. Sie hört die fünfjährige Tochter Charlie weinen, dann entdeckt sie Verletzungen an dem kleinen Mädchen, die sie nicht ignorieren kann. Anna meldet die Familie der Polizei und dem Jugendamt, doch es kommt niemand, um Charlie zu helfen. Als das Kind auf Annas Türschwelle steht und sie um Hilfe bittet, findet Anna auf die Schnelle nur eine Lösung: das Mädchen zu packen und so weit wie möglich wegzulaufen. Auch wenn es sich dabei um Kindsentführung handelt …
</marc:subfield>
   </marc:datafield>
   <marc:datafield ind1=" " ind2=" " tag="020">
      <marc:subfield code="a">9783453291935</marc:subfield>
      <marc:subfield code="9">9783453291935</marc:subfield>
   </marc:datafield>
   <marc:datafield ind1=" " ind2=" " tag="020">
      <marc:subfield code="a">345329193X</marc:subfield>
      <marc:subfield code="9">345329193X</marc:subfield>
   </marc:datafield>
   <marc:datafield ind1=" " ind2=" " tag="041">
      <marc:subfield code="a">ger</marc:subfield>
   </marc:datafield>
   <marc:datafield ind1=" " ind2=" " tag="300">
      <marc:subfield code="a">447 Seiten</marc:subfield>
   </marc:datafield>
</marc:record>
